<?xml version="1.0" encoding="UTF-8"?><?xml-stylesheet type="text/xsl" href="static/style.xsl"?><OAI-PMH xmlns="http://www.openarchives.org/OAI/2.0/" xmlns:xsi="http://www.w3.org/2001/XMLSchema-instance" xsi:schemaLocation="http://www.openarchives.org/OAI/2.0/ http://www.openarchives.org/OAI/2.0/OAI-PMH.xsd"><responseDate>2026-06-02T15:48:40Z</responseDate><request verb="GetRecord" identifier="oai:docta.ucm.es:20.500.14352/109853" metadataPrefix="marc">https://docta.ucm.es/rest/oai/request</request><GetRecord><record><header><identifier>oai:docta.ucm.es:20.500.14352/109853</identifier><datestamp>2024-10-31T12:39:52Z</datestamp><setSpec>com_20.500.14352_14</setSpec><setSpec>col_20.500.14352_18</setSpec></header><metadata><record xmlns="http://www.loc.gov/MARC21/slim" xmlns:dcterms="http://purl.org/dc/terms/" xmlns:xsi="http://www.w3.org/2001/XMLSchema-instance" xmlns:doc="http://www.lyncode.com/xoai" xsi:schemaLocation="http://www.loc.gov/MARC21/slim http://www.loc.gov/standards/marcxml/schema/MARC21slim.xsd">
   <leader>00925njm 22002777a 4500</leader>
   <datafield ind2=" " ind1=" " tag="042">
      <subfield code="a">dc</subfield>
   </datafield>
   <datafield ind2=" " ind1=" " tag="720">
      <subfield code="a">Pacheco Faria, Catia Gisela</subfield>
      <subfield code="e">author</subfield>
   </datafield>
   <datafield ind2=" " ind1=" " tag="720">
      <subfield code="a">Almiron, Núria</subfield>
      <subfield code="e">author</subfield>
   </datafield>
   <datafield ind2=" " ind1=" " tag="260">
      <subfield code="c">2024</subfield>
   </datafield>
   <datafield ind2=" " ind1=" " tag="520">
      <subfield code="a">¿Qué relación hay entre el lenguaje discriminatorio y el especismo? ¿En qué medida se refleja el especismo en nuestras elecciones lingüísticas? ¿Se limita el lenguaje a plasmar el especismo generalizado o contribuye a reforzarlo? A pesar del trabajo realizado durante más de dos décadas en el ámbito anglófono, el problema del lenguaje especista en la lengua castellana no se ha abordado de manera sistemática en la academia y permanece todavía residual en el activismo. Este libro reúne a un nutrido grupo de personas expertas para, por fin, reflexionar sobre el especismo y la lengua en castellano.
El texto se divide en cuatro bloques. «Especismo, supremacismos y lenguaje» analiza cómo el especismo se solapa con otras formas de supremacismo entre seres humanos y el papel del lenguaje en el bucle de retroalimentación que se genera entre sistemas sociales injustos. «Lenguaje especista y explotación animal» aborda cómo el lenguaje especista se manifiesta en el contexto de la explotación animal. «Lenguaje especista y naturaleza» examina cómo el lenguaje especista se manifiesta respecto de los animales no domesticados, quienes viven en la naturaleza o en los márgenes de los asentamientos humanos. Finalmente, «Lenguaje especista y cultura» aborda cómo el lenguaje especista se manifiesta en el contexto de la cultura.
El libro está destinado a un público amplio, tanto activista en defensa de los animales como no activista, con deseos de implementar un uso consciente y no discriminatorio del lenguaje, que no perpetúe ideas supremacistas de ningún tipo, tampoco por razón de especie.</subfield>
   </datafield>
   <datafield ind1="8" ind2=" " tag="024">
      <subfield code="a">978-84-17121-73-0</subfield>
   </datafield>
   <datafield ind1="8" ind2=" " tag="024">
      <subfield code="a">https://hdl.handle.net/20.500.14352/109853</subfield>
   </datafield>
   <datafield ind1="8" ind2=" " tag="024">
      <subfield code="a">https://www.plazayvaldes.es/libro/especismo-y-lenguaje</subfield>
   </datafield>
   <datafield ind1="8" ind2=" " tag="024">
      <subfield code="a">https://produccioncientifica.ucm.es/documentos/66e86fea91cfad69e4e1693b</subfield>
   </datafield>
   <datafield ind2="0" ind1="0" tag="245">
      <subfield code="a">Especismo y lenguaje</subfield>
   </datafield>
</record></metadata></record></GetRecord></OAI-PMH>